000 00616 a2200181 4500
003 Nust
005 20170207153209.0
040 _cNust
082 _a005.1
100 _aNaeem, Ahmed ( MSCS-8)
245 _aDesign and implementation of electronic warfare reconnaissance & control system simulator
_cAhmed Naeem
260 _bMCS,NUST
_c2006
_aRawalpindi
300 _aix,60, p.;
505 _aIntroduction to Thesis Introduction to the equipment (page-4) Design of the simulator (page-8) The simulator (page-22) Conclusion (page-55)
538 _aAlmirah No 73 Shelf No 2
650 _aPG Thesis
651 _aMSCS-8
942 _cTHS
999 _c181299
_d181299